Statystyki dla Odgadnij ludzi przedstawionych na obrazach

Kliknij tutaj aby rozwiązać quiz!

Ogólne statystyki

  • Ten quiz został rozwiązany 61 razy
  • Średni wynik to 6 z 18

Statystyki odpowiedzi

Odpowiedź% Poprawnych
Napoleon
80%
Adam
73%
Mojżesz
63%
Vincent Van Gogh
55%
Król Henryk VIII
46%
Joanna d’Arc
45%
Sokrates
41%
Kleopatra
36%
Juliusz Cezar
30%
Konfucjusz
23%
Maria Antonina
21%
Odyseusz
18%
Rembrandt
13%
George Washington
7%
Królowa Elżbieta I
7%
Maria z Nazaretu
5%
Jean-Paul Marat
4%
Godiva
2%

Rozkład punktacji

Percentyl według liczby udzielonych odpowiedzi

Procent ludzi z każdym wynikiem

Twoja historia wyników

Nie rozwiązałeś tego quizu